00550nam a2200157 a 450000100100000000500170001000800410002702000150006804000250008310000360010824500560014426000340020030000360023495201050027099900170037500004404420201002045119.0140514s1997 sp ac 000 0 spa d a8487270360 aDO-SdBNPbspacBNPHU1 aBonet Mojíca, Lluís.97202510aEspartaco :bel buscavidas /cLluís Bonet Mojica. aBarcelona :bDirigido,c1997. a142 p. :bil., retrs. ;c21 cm. 001050718MOaGRbGRcCTd2014-05-14iLF1l0o p44044-10r2020-06-25w2020-06-25y1ZNo se presta c43533d43533